| 000 | 00887nam a22002652a 4500 | ||
|---|---|---|---|
| 001 | 50600 | ||
| 003 | BD-RJUL | ||
| 005 | 20211209075532.0 | ||
| 008 | 160828s1984 nyua 000 0 eng d | ||
| 035 | _aBD-RJUL 50720 | ||
| 040 |
_aICZ _cICZ _dEQO _beng |
||
| 041 | _aeng | ||
| 082 |
_223 _a428.24 _bALP 1984 |
||
| 090 |
_aPE1128 _b.P29 1984 |
||
| 100 |
_aAllen, Harold B. _9150983 |
||
| 245 | 0 | 0 |
_aPathways to English / _cNational Council of Teachers of English, Harold B. Allen, Edward A. Voeller |
| 250 | _aTeacher's ed | ||
| 260 |
_aNew York, [N.Y.] : _bMcGraw-Hill, _c1984- |
||
| 300 |
_a165 P. : _bill. ; _c28 cm |
||
| 650 | 0 |
_aEnglish language _vTextbooks for foreign speakers _9117011 |
|
| 700 | 1 |
_aVoeller, Edward A. _9151521 |
|
| 700 | 1 |
_aAllen, Harold B. _q(Harold Byron), _d1902- _9151522 |
|
| 710 | 2 |
_aNational Council of Teachers of English. _9151523 |
|
| 942 |
_2ddc _cBK |
||
| 999 |
_c50600 _d50600 |
||